00445 2200181 4500001002100000005001500021035002000036008004100056245004500097100002500142250000600167260003400173300001200207084001400219082000800233650001000241990001200251INLIS00000000000014720240711091417 a0010-0424000123240711 1 ind 1 aRahasia Batu Giok /cAmbhita Dhyaningrum aDhyaningrum, Ambhita a1 aSolo :bTiga Serangkai,c2006 a150 hlm a813 AMB r a813 4aFiksi a0732508